<?xml version="1.0" encoding="UTF-8"?>
<collection xmlns="http://www.loc.gov/MARC21/slim">
 <record>
  <leader>00720nam a2200229   4500</leader>
  <controlfield tag="001">000014816</controlfield>
  <controlfield tag="003">11186</controlfield>
  <controlfield tag="005">20150812150847.0</controlfield>
  <controlfield tag="008">120515s1988                           sd</controlfield>
  <datafield tag="100" ind1="0" ind2=" ">
   <subfield code="a">W.M. Thackơrê</subfield>
  </datafield>
  <datafield tag="245" ind1="0" ind2="0">
   <subfield code="a">Hội chợ phù hoa</subfield>
   <subfield code="c">W.M. Thackơrê</subfield>
  </datafield>
  <datafield tag="250" ind1=" " ind2=" ">
   <subfield code="a">In lần thứ 3, có sữa chữa</subfield>
  </datafield>
  <datafield tag="260" ind1=" " ind2=" ">
   <subfield code="a">H.</subfield>
   <subfield code="b">Nxb. Văn học</subfield>
   <subfield code="c">1988</subfield>
  </datafield>
  <datafield tag="774" ind1=" " ind2=" ">
   <subfield code="a">W.M. Thackơrê</subfield>
   <subfield code="b">In lần thứ 3, có sửa chữa</subfield>
   <subfield code="d">Văn học</subfield>
   <subfield code="d">H.</subfield>
   <subfield code="d">1988</subfield>
   <subfield code="g">T.2</subfield>
   <subfield code="h">578tr</subfield>
   <subfield code="n">Dịch từ nguyên bản tiếng Anh</subfield>
   <subfield code="w">11185</subfield>
  </datafield>
  <datafield tag="OWN" ind1=" " ind2=" ">
   <subfield code="a">LSP</subfield>
  </datafield>
  <datafield tag="999" ind1=" " ind2=" ">
   <subfield code="a">From the UDN01</subfield>
  </datafield>
  <datafield tag="TYP" ind1=" " ind2=" ">
   <subfield code="a">Monograph</subfield>
  </datafield>
  <datafield tag="TYP" ind1=" " ind2=" ">
   <subfield code="a">Printed language</subfield>
  </datafield>
  <datafield tag="980" ind1=" " ind2=" ">
   <subfield code="a">Mạng thư viện Đại học Đà Nẵng</subfield>
  </datafield>
 </record>
</collection>
